LEADER 00610nam a2200157 i 4500 001 000000153060 003 CaOOAMICUS 005 20060912000000.0 008 060912s1947 it u000 u fre u 013 $a130401 040 $aSeMil$bita 245 10$aLes décovertes archéologiques de 1930 a 1939. 773 0 $aContenau, Georges <1877-1974>$tManuel d'archéologie orientale.$dParis : Picard, 1931-1947.$g4$w()16327 850 $aSeMil 852 $aSeMil$W1$xVenegono$y1$m5J VI 66$j105004$B105004$CSeMilBibl$Z2$F114263 $81 996 $6245$aLes décovertes archéologiques de 1930 a 1939$9(OLS)http://semarc/title/223864 LEADER 00556nab a2200145 i 4500 001 000000309746 003 CaOOAMICUS 005 20180831173000.0 008 180831n xx uu u0 0und r 013 $a18840 040 $aSeMil$bita 100 1 $aBuroni, G.$0(OLS)http://semarc/name/88200 245 10$aDichiarazione in merito agli articoli del Prev. Ruffoni sull?autoritàdel Sillabo. 773 0 $t[Luglio-Dicembre].$g574-581$w()273969 996 $6245$aDichiarazione in merito agli articoli del Prev. Ruffoni sull?autoritàdel Sillabo$9(OLS)http://semarc/title/384740 LEADER 00866nam a2200229 i 4500 001 000000219086 003 CaOOAMICUS 005 20130306000000.0 008 130306s1902 it u000 u ita u 013 $a197983 040 $aSeMil$bita 100 1 $aFederici, Emilio.$0(OLS)http://semarc/name/25660 245 10$aDivorzio e socialismo /$cper Emilio Federici. 260 $aVenezia :$bTipografia Emiliana,$c1902. 300 $a181 p. ;$c22 cm. 500 $aLegato con 2J-II-59, 60, 62 FA. 650 4$aDivorzio.$0(OLS)http://semarc/subject/5893 850 $aSeMil 852 $aSeMil$W1$xVenegono$y1$m2J II 61 FA$j169455$B169455$CSeMilBibl$Z2$F180234 $8I 961 $aRecupero: Giobbi Adolfo, prof. 996 $6245$aDivorzio e socialismo$9(OLS)http://semarc/title/314361 996 $6260$aVenezia :$bTipografia Emiliana$9(OLS)http://semarc/publisher/31319 LEADER 00732nab a2200181 i 4500 001 000000280274 003 CaOOAMICUS 005 20131205000000.0 008 131205n xx uu u0 0und r 013 $a32109 020 $a978-88-382-4250-2 040 $aSeMil$bita 245 10$aSaperi e pratiche della speranza tra teologia e filosofia. - Titolo dalla copertina. 500 $aSETTEMBRE-OTTOBRE 2013. 700 1 $aRosito, Vincenzo.$0(OLS)http://semarc/name/35780 773 0 $t[2013 : Luglio-Dicembre].$dRoma : Studium, 2013.$w()223517 996 $6020$a978-88-382-4250-2$9(OLS)http://semarc/number/267871 996 $6245$aSaperi e pratiche della speranza tra teologia e filosofia. - Titolo dalla copertina.$9(OLS)http://semarc/title/363451